[Event "Wuerttemberg-chT Rapid"]
[Site "Boeblingen"]
[Date "2024.04.13"]
[Round "9.30"]
[White "Bueble, Joschua"]
[Black "Baur, Frank"]
[Result "0-1"]
[WhiteElo "1972"]
[BlackElo "2050"]
[PlyCount "90"]
[EventDate "2024.04.13"]
[EventType "team-tourn"]
[EventRounds "9"]
[EventCountry "GER"]
[SourceTitle "CB17_2024"]
[SourceDate "2024.04.24"]
[SourceVersion "1"]
[SourceVersionDate "2024.04.24"]
[SourceQuality "1"]

1. d4 d5 2. c4 e6 3. Nc3 a6 4. Nf3 dxc4 5. a4 Nc6 6. e3 Na5 7. Ne5 Bb4 8. Nxc4 c5 9. dxc5 Qxd1+ 10. Kxd1 Nxc4 11. Bxc4 Bxc5 12. Ne4 Be7 13. Ke2 Nf6 14. Nc3 Bd7 15. e4 Bc6 16. f3 0-0 17. Be3 Rac8 18. b3 Nd7 19. Kf2 Rfd8 20. Rad1 Bc5 21. Rd2 Bb4 22. Rc2 Ne5 23. Na2 Be7 24. Be2 Nd3+ 25. Bxd3 Rxd3 26. Rc3 Rxc3 27. Nxc3 b5 28. axb5 axb5 29. Bd4 b4 30. Na4 Bb5 31. Ke3 Rc2 32. g4 f6 33. f4 Re2+ 34. Kf3 Rxe4 35. Kxe4 Bc6+ 36. Kd3 Bxh1 37. Kc4 Bd5+ 38. Kb5 Bxb3 39. Nc5 Bd1 40. g5 b3 41. Kc4 fxg5 42. fxg5 Bxg5 43. Nxe6 Bc1 44. Bxg7 Kf7 45. Nd4 b2 0-1

[Event "Wuerttemberg-chT Rapid"]
[Site "Boeblingen"]
[Date "2024.04.13"]
[Round "8.10"]
[White "Huber, Philipp"]
[Black "Bueble, Joschua"]
[Result "1-0"]
[WhiteElo "2306"]
[BlackElo "1972"]
[PlyCount "81"]
[EventDate "2024.04.13"]
[EventType "team-tourn"]
[EventRounds "9"]
[EventCountry "GER"]
[SourceTitle "CB17_2024"]
[SourceDate "2024.04.24"]
[SourceVersion "1"]
[SourceVersionDate "2024.04.24"]
[SourceQuality "1"]

1. d4 Nf6 2. Bg5 d5 3. Bxf6 exf6 4. e3 Bd6 5. Bd3 0-0 6. Qf3 Be6 7. g4 c5 8. c3 Qd7 9. h3 Nc6 10. Ne2 Ne7 11. Nf4 cxd4 12. cxd4 Rac8 13. Nc3 Bxf4 14. Qxf4 a6 15. Kd2 b5 16. b3 Qc7 17. Qxc7 Rxc7 18. a3 Rfc8 19. Na2 Nc6 20. b4 Nb8 21. Nc1 Nd7 22. Nb3 g6 23. Nc5 Rc6 24. f4 f5 25. gxf5 Nxc5 26. dxc5 Bxf5 27. Bxf5 gxf5 28. Rhg1+ Rg6 29. a4 Rb8 30. Rxg6+ hxg6 31. Kc3 Re8 32. axb5 axb5 33. Kd4 Re4+ 34. Kxd5 Rxb4 35. c6 Rc4 36. Ra8+ Kg7 37. Rb8 Rc3 38. Rxb5 Rd3+ 39. Kc4 Rxe3 40. c7 Re1 41. Rc5 1-0

[Event "Deizisau Autumn op 16th"]
[Site "Deizisau"]
[Date "2022.11.01"]
[Round "7"]
[White "Hartmann, Martin"]
[Black "Bueble, Joschua"]
[Result "1-0"]
[WhiteElo "2132"]
[BlackElo "1885"]
[PlyCount "63"]
[EventDate "2022.10.29"]
[EventType "swiss"]
[EventRounds "7"]
[EventCountry "GER"]
[SourceTitle "EXT 2024"]
[Source "ChessBase"]
[SourceDate "2023.10.10"]
[SourceVersion "1"]
[SourceVersionDate "2023.10.10"]
[SourceQuality "1"]

1. e4 e5 2. Nf3 Nc6 3. Bb5 a6 4. Ba4 Nf6 5. d3 d6 6. 0-0 g6 7. c3 Bg7 8. Re1 0-0 9. h3 b5 10. Bb3 Na5 11. Bc2 c5 12. d4 Nc6 13. d5 Ne7 14. a4 Rb8 15. axb5 axb5 16. b4 Nd7 17. Ra5 f5 18. Na3 cxb4 19. cxb4 Nc5 20. bxc5 Qxa5 21. cxd6 Nxd5 22. Qxd5+ Kh8 23. Rd1 Bb7 24. Qb3 h6 25. Bb2 fxe4 26. Nxe5 Qb6 27. Qg3 Qc5 28. Nxg6+ Kh7 29. Nxf8+ Bxf8 30. Qf4 Qh5 31. Bxe4+ Kg8 32. Rd3 1-0

[Event "Murrhard Wuerttemberg op"]
[Site "Murrhard"]
[Date "2021.08.21"]
[Round "6"]
[White "Gavrin, Tim"]
[Black "Bueble, Joschua"]
[Result "0-1"]
[WhiteElo "1668"]
[BlackElo "1836"]
[PlyCount "82"]
[EventDate "2021.08.18"]
[EventType "swiss"]
[EventRounds "7"]
[EventCountry "GER"]
[SourceTitle "CBM 204 Extra"]
[Source "ChessBase"]
[SourceDate "2021.11.30"]
[SourceVersion "1"]
[SourceVersionDate "2021.11.30"]
[SourceQuality "1"]

1. e4 e5 2. Nf3 Nc6 3. d4 exd4 4. Nxd4 Nf6 5. Nxc6 bxc6 6. e5 Qe7 7. Qe2 Nd5 8. c4 Nb6 9. Nd2 Ba6 10. b3 Qe6 11. Bb2 Bb4 12. 0-0-0 0-0-0 13. Qe4 Kb8 14. c5 Bxd2+ 15. Rxd2 Bxf1 16. cxb6 Bb5 17. bxc7+ Kxc7 18. Rd6 Qe8 19. Rhd1 c5 20. Qd5 Kb8 21. Bc3 Rc8 22. a4 Bc6 23. Qxc5 Ka8 24. Kb2 Bxg2 25. Qd4 Bc6 26. b4 Rb8 27. Ka3 a6 28. Qc5 Qc8 29. Bd4 Qb7 30. Be3 Rhc8 31. Qa5 Rc7 32. h4 Qc8 33. Bb6 Rxb6 34. Qxb6 Bb7 35. Qd4 Rc4 36. Qa1 Rc3+ 37. Kb2 Qc4 38. Qa3 Rxa3 39. Kxa3 Qc3+ 40. Ka2 Bc6 41. R6d4 Qc2+ 0-1

[Event "Murrhard Wuerttemberg op"]
[Site "Murrhard"]
[Date "2021.08.21"]
[Round "5"]
[White "Migl, Dieter"]
[Black "Bueble, Joschua"]
[Result "1-0"]
[WhiteElo "2163"]
[BlackElo "1836"]
[PlyCount "47"]
[EventDate "2021.08.18"]
[EventType "swiss"]
[EventRounds "7"]
[EventCountry "GER"]
[SourceTitle "CBM 204 Extra"]
[Source "ChessBase"]
[SourceDate "2021.11.30"]
[SourceVersion "1"]
[SourceVersionDate "2021.11.30"]
[SourceQuality "1"]

1. e4 e5 2. Nf3 Nc6 3. d4 exd4 4. Bc4 Nf6 5. e5 d5 6. Bb5 Ne4 7. Nxd4 Bc5 8. Be3 0-0 9. Nxc6 bxc6 10. Bxc5 Nxc5 11. Bxc6 Rb8 12. Qxd5 Qxd5 13. Bxd5 Rxb2 14. Na3 Ba6 15. 0-0-0 Rb4 16. Rhe1 g5 17. Re3 Na4 18. e6 fxe6 19. Rxe6 Nc3 20. Rxa6+ Kh8 21. Rd3 Ne2+ 22. Kd1 Nf4 23. Rd2 Rfb8 24. c3 1-0

[Event "Murrhard Wuerttemberg op"]
[Site "Murrhard"]
[Date "2021.08.20"]
[Round "4"]
[White "Bueble, Joschua"]
[Black "Kolb, Roland"]
[Result "1-0"]
[WhiteElo "1836"]
[BlackElo "1937"]
[PlyCount "89"]
[EventDate "2021.08.18"]
[EventType "swiss"]
[EventRounds "7"]
[EventCountry "GER"]
[SourceTitle "CBM 204 Extra"]
[Source "ChessBase"]
[SourceDate "2021.11.30"]
[SourceVersion "1"]
[SourceVersionDate "2021.11.30"]
[SourceQuality "1"]

1. d4 Nf6 2. c4 e5 3. dxe5 Ng4 4. Bf4 Nc6 5. Nf3 Bb4+ 6. Nbd2 Qe7 7. e3 Ngxe5 8. Nxe5 Nxe5 9. a3 Bxd2+ 10. Qxd2 g5 11. Bg3 d6 12. Qc3 Bd7 13. h4 g4 14. Be2 h5 15. c5 Bc6 16. cxd6 cxd6 17. 0-0 0-0 18. Rfd1 Rfd8 19. Qb4 Ng6 20. Rd4 a5 21. Qc4 Rac8 22. Qd3 Nxh4 23. Bxh4 Qxh4 24. Qf5 Bd7 25. Qf4 Rc5 26. Bd3 Rdc8 27. e4 Qg5 28. Qxg5+ Rxg5 29. Rxd6 Bc6 30. Re1 Re8 31. Kh2 Kg7 32. Kg3 Rge5 33. f4 gxf3 34. gxf3 Rg5+ 35. Kf4 Rg2 36. b4 axb4 37. axb4 Rb2 38. b5 Bxb5 39. Rb6 Rb3 40. Bxb5 Rc8 41. Rg1+ Kf8 42. Rxb7 Rcc3 43. Rg3 f5 44. Bc6 Ra3 45. Bd5 1-0

[Event "Wuerttemberg-ch Blitz"]
[Site "Murrhard"]
[Date "2021.08.20"]
[Round "3"]
[White "Koeller, Horst"]
[Black "Bueble, Joschua"]
[Result "0-1"]
[WhiteElo "1718"]
[BlackElo "1836"]
[PlyCount "84"]
[EventDate "2021.08.20"]
[EventType "swiss (blitz)"]
[EventRounds "11"]
[EventCountry "GER"]
[SourceTitle "CBM 204 Extra"]
[Source "ChessBase"]
[SourceDate "2021.11.30"]
[SourceVersion "1"]
[SourceVersionDate "2021.11.30"]
[SourceQuality "1"]

1. d4 Nf6 2. Nc3 d5 3. Bf4 e6 4. e3 Bd6 5. Nf3 Bxf4 6. exf4 0-0 7. Bd3 b6 8. h4 c5 9. h5 Ba6 10. Bxa6 Nxa6 11. h6 g6 12. Qe2 Qd6 13. Qxa6 Qxf4 14. Qd3 Ne4 15. Nxe4 dxe4 16. Qe3 Qxe3+ 17. fxe3 exf3 18. gxf3 cxd4 19. exd4 Rac8 20. c3 Rfd8 21. Kf2 Rd5 22. Rae1 b5 23. a3 a5 24. Re5 Rxe5 25. dxe5 Rd8 26. Ke3 Kf8 27. Rh4 Rd1 28. a4 Rb1 29. axb5 Rxb2 30. c4 a4 31. Rh1 Rb3+ 32. Kd4 Rxf3 33. Ra1 a3 34. c5 Ke7 35. b6 Kd7 36. Kc4 Kc6 37. Kb4 g5 38. Ka5 g4 39. Ka6 Rb3 40. Rd1 a2 41. Rd6+ Kxc5 42. Rd1 Rxb6+ 0-1

[Event "Wuerttemberg-ch Blitz"]
[Site "Murrhard"]
[Date "2021.08.20"]
[Round "9"]
[White "Krassowizkij, Jaroslaw"]
[Black "Bueble, Joschua"]
[Result "1-0"]
[WhiteElo "2448"]
[BlackElo "1836"]
[PlyCount "95"]
[EventDate "2021.08.20"]
[EventType "swiss (blitz)"]
[EventRounds "11"]
[EventCountry "GER"]
[SourceTitle "CBM 204 Extra"]
[Source "ChessBase"]
[SourceDate "2021.11.30"]
[SourceVersion "1"]
[SourceVersionDate "2021.11.30"]
[SourceQuality "1"]

1. e4 e5 2. Nf3 Nc6 3. Bb5 Nf6 4. d3 d6 5. 0-0 g6 6. d4 exd4 7. Nxd4 Bd7 8. Bxc6 Bxc6 9. Nxc6 bxc6 10. c4 Bg7 11. Nc3 0-0 12. Bg5 h6 13. Bh4 Qb8 14. Qc2 Nd7 15. b3 Qb4 16. Rac1 Bxc3 17. Qxc3 Qxc3 18. Rxc3 Nc5 19. f3 a5 20. Bg3 Rfe8 21. Re1 Nd7 22. Kf2 a4 23. b4 Rab8 24. a3 c5 25. Rb1 Rb6 26. b5 Rbb8 27. Ke2 Ne5 28. Rd1 h5 29. Rd5 f6 30. Kd2 Kf7 31. Rc1 Nd7 32. Kc3 Nb6 33. Rd3 Re6 34. Rcd1 Rbe8 35. Bf4 f5 36. exf5 gxf5 37. h3 Re2 38. R3d2 Kg6 39. Rxe2 Rxe2 40. Bxd6 Nxc4 41. Kxc4 cxd6 42. Rxd6+ Kg5 43. Kxc5 Rxg2 44. b6 Rb2 45. Rd4 Rb3 46. Rb4 Rxa3 47. b7 Rc3+ 48. Kd4 1-0

[Event "Wuerttemberg-ch Blitz"]
[Site "Murrhard"]
[Date "2021.08.20"]
[Round "1"]
[White "Narr, Kevin"]
[Black "Bueble, Joschua"]
[Result "1-0"]
[WhiteElo "2119"]
[BlackElo "1836"]
[PlyCount "99"]
[EventDate "2021.08.20"]
[EventType "swiss (blitz)"]
[EventRounds "11"]
[EventCountry "GER"]
[SourceTitle "CBM 204 Extra"]
[Source "ChessBase"]
[SourceDate "2021.11.30"]
[SourceVersion "1"]
[SourceVersionDate "2021.11.30"]
[SourceQuality "1"]

1. e4 e5 2. Nc3 Nf6 3. Bc4 Nc6 4. d3 Be7 5. a3 d6 6. f4 a6 7. Nf3 0-0 8. 0-0 b5 9. Ba2 Re8 10. Kh1 Nb8 11. fxe5 dxe5 12. Nxe5 Rf8 13. Qe2 Bd6 14. Nf3 Be6 15. e5 Re8 16. exd6 Bxa2 17. dxc7 Qxc7 18. Qf2 Be6 19. Ng5 Nc6 20. Nxe6 Rxe6 21. Bf4 Qb7 22. Rae1 Rae8 23. Rxe6 Rxe6 24. h3 Qd7 25. Bh2 Nd4 26. Nd1 Nc6 27. Ne3 a5 28. c4 Qxd3 29. cxb5 Ne5 30. Nf5 Qxb5 31. Qa7 Re8 32. Bxe5 Qxe5 33. Qf2 Qe2 34. Qxe2 Rxe2 35. Rd1 g6 36. Nd4 Rxb2 37. Nc6 a4 38. Rd4 Rc2 39. Ne7+ Kf8 40. Nd5 Nxd5 41. Rxd5 Rc3 42. Rd7 Rxa3 43. Ra7 Ra1+ 44. Kh2 Kg7 45. h4 Kf6 46. Ra5 h6 47. Kg3 Ke6 48. h5 g5 49. Ra6+ Kf5 50. Rxh6 1-0

[Event "Wuerttemberg-ch Blitz"]
[Site "Murrhard"]
[Date "2021.08.20"]
[Round "7"]
[White "Schwilk, Michael"]
[Black "Bueble, Joschua"]
[Result "0-1"]
[WhiteElo "1989"]
[BlackElo "1836"]
[PlyCount "122"]
[EventDate "2021.08.20"]
[EventType "swiss (blitz)"]
[EventRounds "11"]
[EventCountry "GER"]
[SourceTitle "CBM 204 Extra"]
[Source "ChessBase"]
[SourceDate "2021.11.30"]
[SourceVersion "1"]
[SourceVersionDate "2021.11.30"]
[SourceQuality "1"]

1. c4 c5 2. g3 g6 3. Bg2 Bg7 4. Nf3 Nf6 5. 0-0 0-0 6. Nc3 Nc6 7. d4 cxd4 8. Nxd4 a6 9. e4 d6 10. h3 Ne5 11. b3 a5 12. Be3 Bd7 13. Qd2 Re8 14. f4 Nc6 15. Ncb5 a4 16. Kh2 Nxd4 17. Nxd4 e5 18. fxe5 dxe5 19. Nc2 Bc6 20. Qf2 axb3 21. axb3 Rxa1 22. Rxa1 Nxe4 23. Qe1 Nf6 24. Rd1 Qc7 25. Nb4 Bxg2 26. Kxg2 b5 27. Nd5 Qb7 28. Kh2 Nxd5 29. cxd5 Rd8 30. Qd2 Rd6 31. Bc5 Ra6 32. d6 Qd7 33. b4 Bf8 34. h4 e4 35. Re1 Qe6 36. Qd4 Ra2+ 37. Kg1 Qh3 38. Qf2 Rxf2 39. Bxf2 Qd7 40. Rd1 f5 41. Bc5 Kf7 42. Kf2 Ke6 43. Ke3 Bxd6 44. Rxd6+ Qxd6 45. Bxd6 Kxd6 46. Kd4 Ke6 47. Kc5 e3 48. Kxb5 e2 49. Ka6 e1Q 50. b5 Qa1+ 51. Kb7 Qb1 52. b6 Qxb6+ 53. Kxb6 Ke5 54. Kc5 Ke4 55. Kc4 Kf3 56. h5 Kxg3 57. hxg6 hxg6 58. Kd3 f4 59. Ke2 f3+ 60. Kf1 f2 61. Ke2 Kg2 0-1

[Event "Murrhard Wuerttemberg op"]
[Site "Murrhard"]
[Date "2021.08.19"]
[Round "3"]
[White "Bangert, Udo"]
[Black "Bueble, Joschua"]
[Result "0-1"]
[WhiteElo "1875"]
[BlackElo "1836"]
[PlyCount "36"]
[EventDate "2021.08.18"]
[EventType "swiss"]
[EventRounds "7"]
[EventCountry "GER"]
[SourceTitle "CBM 204 Extra"]
[Source "ChessBase"]
[SourceDate "2021.11.30"]
[SourceVersion "1"]
[SourceVersionDate "2021.11.30"]
[SourceQuality "1"]

1. b3 e5 2. Bb2 Nc6 3. e3 d5 4. Bb5 Bd6 5. f4 f6 6. fxe5 fxe5 7. Nf3 Qe7 8. Nxe5 Bxe5 9. Bxc6+ Kd8 10. Bxe5 Qxe5 11. Bb5 Qxa1 12. c3 Bf5 13. 0-0 Ne7 14. d3 Qxa2 15. e4 Qa5 16. c4 Bg6 17. exd5 a6 18. Ba4 b5 0-1

[Event "Pardubice Kraj op-G"]
[Site "Pardubice"]
[Date "2020.09.24"]
[Round "7"]
[White "Bueble, Joschua"]
[Black "Babula, Vlastimil1111"]
[Result "1-0"]
[WhiteElo "1661"]
[BlackElo "2039"]
[PlyCount "53"]
[EventDate "2020.09.23"]
[EventType "swiss (rapid)"]
[EventRounds "9"]
[EventCountry "CZE"]
[SourceTitle "CBM 198 Extra"]
[Source "ChessBase"]
[SourceDate "2020.11.30"]
[SourceVersion "1"]
[SourceVersionDate "2020.11.30"]
[SourceQuality "1"]

1. d4 Nf6 2. c4 g6 3. Nc3 Bg7 4. e4 d6 5. f3 0-0 6. Be3 e5 7. Nge2 Nc6 8. d5 Ne7 9. g4 Nd7 10. Ng3 a5 11. Bd3 Nc5 12. Bc2 Bd7 13. Qd2 a4 14. h4 f5 15. gxf5 gxf5 16. Nh5 f4 17. Qg2 Rf7 18. Bxc5 dxc5 19. 0-0-0 Kh8 20. Qg5 h6 21. Qg2 Qb8 22. Rhg1 Bf8 23. d6 cxd6 24. Nd5 Be6 25. Ndf6 Rxf6 26. Nxf6 Bxc4 27. Rd5 1-0

[Event "Pardubice Kraj op-G"]
[Site "Pardubice"]
[Date "2020.09.24"]
[Round "9"]
[White "Bueble, Joschua"]
[Black "Joukl, Martin"]
[Result "1/2-1/2"]
[WhiteElo "1661"]
[BlackElo "1483"]
[PlyCount "60"]
[EventDate "2020.09.23"]
[EventType "swiss (rapid)"]
[EventRounds "9"]
[EventCountry "CZE"]
[SourceTitle "CBM 198 Extra"]
[Source "ChessBase"]
[SourceDate "2020.11.30"]
[SourceVersion "1"]
[SourceVersionDate "2020.11.30"]
[SourceQuality "1"]

1. d4 d5 2. c4 e6 3. Nc3 Nf6 4. cxd5 exd5 5. Bg5 Be7 6. e3 Nbd7 7. Bd3 0-0 8. Nge2 h6 9. Bh4 b6 10. 0-0 Bb7 11. Rc1 c5 12. dxc5 bxc5 13. Bf5 Ne5 14. Qb3 Qb6 15. Qxb6 axb6 16. Rfd1 Rfd8 17. Bg3 Bd6 18. Nf4 Bb8 19. b3 Bc6 20. Rd2 Bc7 21. Rcd1 Ne4 22. Nfxd5 Nxd2 23. Nxc7 Ndf3+ 24. gxf3 Nxf3+ 25. Kf1 Rxd1+ 26. Nxd1 Rxa2 27. Bd3 Nd2+ 28. Ke1 Nf3+ 29. Kf1 Nd2+ 30. Ke1 Nf3+ 1/2-1/2

[Event "Pardubice Kraj op-G"]
[Site "Pardubice"]
[Date "2020.09.24"]
[Round "8"]
[White "Lizak, Peter"]
[Black "Bueble, Joschua"]
[Result "1-0"]
[WhiteElo "2417"]
[BlackElo "1661"]
[PlyCount "57"]
[EventDate "2020.09.23"]
[EventType "swiss (rapid)"]
[EventRounds "9"]
[EventCountry "CZE"]
[SourceTitle "CBM 198 Extra"]
[Source "ChessBase"]
[SourceDate "2020.11.30"]
[SourceVersion "1"]
[SourceVersionDate "2020.11.30"]
[SourceQuality "1"]

1. d4 Nf6 2. Nc3 d5 3. Bf4 Bf5 4. f3 c6 5. g4 Bg6 6. h4 h6 7. e3 e6 8. Bd3 Bxd3 9. cxd3 Bd6 10. Nge2 Bxf4 11. Nxf4 Nbd7 12. Kf2 e5 13. dxe5 Nxe5 14. d4 Nc4 15. g5 Nd7 16. b3 Nd6 17. Qg1 h5 18. g6 Qf6 19. Qg5 0-0-0 20. Qxf6 Nxf6 21. gxf7 Nxf7 22. Rag1 Rhg8 23. Rg6 Nd6 24. Nce2 Rde8 25. Ng3 Re7 26. Re1 Rge8 27. Rg5 Nf7 28. Rxg7 Rh8 29. Ng6 1-0

[Event "Deizisau Autumn op 14th"]
[Site "Deizisau"]
[Date "2019.10.28"]
[Round "7"]
[White "Bueble, Joschua"]
[Black "Kraft, Julian"]
[Result "1/2-1/2"]
[WhiteElo "1720"]
[BlackElo "2062"]
[PlyCount "29"]
[EventDate "2019.10.25"]
[EventType "swiss"]
[EventRounds "7"]
[EventCountry "GER"]
[SourceTitle "CBM 192 Extra"]
[Source "Chessbase"]
[SourceDate "2019.11.06"]
[SourceVersion "1"]
[SourceVersionDate "2019.11.06"]
[SourceQuality "1"]

1. d4 e6 2. e4 b6 3. c4 Bb7 4. Bd3 f5 5. exf5 Bb4+ 6. Kf1 Nf6 7. Nf3 0-0 8. a3 Be7 9. Nbd2 a5 10. Qc2 exf5 11. Bxf5 d5 12. Be6+ Kh8 13. Ne5 Nbd7 14. Nf7+ Rxf7 15. Bxf7 1/2-1/2

[Event "Stuttgart-chB int"]
[Site "Ditzingen"]
[Date "2016.05.05"]
[Round "2"]
[White "Bueble, Joschua"]
[Black "Dallinger, Moritz"]
[Result "1-0"]
[WhiteElo "1343"]
[BlackElo "1570"]
[PlyCount "69"]
[EventDate "2016.05.05"]
[EventType "swiss"]
[EventRounds "7"]
[EventCountry "GER"]
[SourceTitle "EXT 2018"]
[Source "ChessBase"]
[SourceDate "2017.10.13"]
[SourceVersion "1"]
[SourceVersionDate "2017.10.13"]
[SourceQuality "1"]

1. d4 Nf6 2. c4 e6 3. Nc3 Bb4 4. Bd2 0-0 5. f3 d5 6. e3 b6 7. Bd3 Ba6 8. b3 c5 9. Nge2 Nc6 10. Na4 Bxd2+ 11. Qxd2 dxc4 12. Bxc4 Bxc4 13. bxc4 cxd4 14. exd4 Qd7 15. Nb2 Rfd8 16. Rd1 Rac8 17. 0-0 e5 18. d5 Na5 19. Rc1 e4 20. Ng3 Re8 21. Qf4 exf3 22. Rxf3 b5 23. Nf5 Re4 24. Qd6 Nxc4 25. Nxc4 Rexc4 26. Rxc4 Rxc4 27. Ne7+ Kh8 28. Rxf6 Rc1+ 29. Kf2 Rc2+ 30. Ke3 Qe8 31. Qe5 Qf8 32. Rc6 f6 33. Qe6 Rxc6 34. dxc6 Qd8 35. c7 1-0